BSOP header

Goodbye Mr. Chips [videorecording] / (Record no. 23640)

MARC details
000 -LEADER
fixed length control field 02211nam a2200409 4500
008 - FIXED-LENGTH DATA ELEMENTS--GENERAL INFORMATION
fixed length control field 050621s1997 114 mleng
090 ## - LOCALLY ASSIGNED LC-TYPE CALL NUMBER (OCLC); LOCAL CALL NUMBER (OCLC)
Classification number (OCLC) (R) ; Classification number, CALL (RLIN) (NR) PN1995.9
Local cutter number (OCLC) ; Book number/undivided call number, CALL (RLIN) .T4
-- G61
245 00 - TITLE STATEMENT
Title Goodbye Mr. Chips [videorecording] /
Statement of responsibility, etc Metro-Goldwyn-Mayer British Studios, Ltd. ; director, Sam Wood ; producer, Victor Saville ; screenplay, R.C. Sherriff, Claudine West, Eric Maschwitz.
260 ## - PUBLICATION, DISTRIBUTION, ETC. (IMPRINT)
Place of publication, distribution, etc Philippines :
Name of publisher, distributor, etc Warner Brothers; Great Britain :
-- Metro-Goldwyn-Mayer,
Date of publication, distribution, etc 1997.
300 ## - PHYSICAL DESCRIPTION
Extent 2 video discs of 2 (ca. 114 min.) :
Other physical details sd., col.
500 ## - GENERAL NOTE
General note Based on the story, Goodbye, Mr. Chips! by James Hilton.
500 ## - GENERAL NOTE
General note Colorized version made by Turner Entertainment Co. in 1993.
500 ## - GENERAL NOTE
General note Copyright for minor change version: Turner Entertainment Company. PAu-1-836-992.
500 ## - GENERAL NOTE
General note Minor change version: [Colorized version].
500 ## - GENERAL NOTE
General note Per Film daily yearbook, 1940, p. 171, film released in U.S. by Loew's Inc. in 1939.
500 ## - GENERAL NOTE
General note (VCD).
508 ## - CREATION/PRODUCTION CREDITS NOTE
Creation/production credits note Photographer, F.A. Young.
511 1# - PARTICIPANT OR PERFORMER NOTE
Participant or performer note Robert Donat, Greer Garson, Terry Kilburn, John Mills, Paul Von Hernried, Judith Furse.
520 ## - SUMMARY, ETC.
Summary, etc The story of a venerable British public schoolmaster, whose career at Brookfield Academy spans from 1870 to 1928, told through vignettes portraying comic and tragic events in his life.
650 #0 - SUBJECT ADDED ENTRY--TOPICAL TERM
Topical term or geographic name as entry element Endowed public schools (Great Britain)
General subdivision Drama.
650 #0 - SUBJECT ADDED ENTRY--TOPICAL TERM
Topical term or geographic name as entry element School supervision
Geographic subdivision Great Britain
General subdivision Drama.
700 1# - ADDED ENTRY--PERSONAL NAME
Personal name Donat, Robert,
Dates associated with a name 1905-1958,
Relator term cast.
700 1# - ADDED ENTRY--PERSONAL NAME
Personal name Garson, Greer,
Dates associated with a name 1908-
Relator term cast.
700 1# - ADDED ENTRY--PERSONAL NAME
Personal name Hilton, James,
Dates associated with a name 1900-1954.
Title of a work Goodbye, Mr. Chips.
700 1# - ADDED ENTRY--PERSONAL NAME
Personal name Maschwitz, Eric,
Dates associated with a name 1901-1969,
Relator term writing.
700 1# - ADDED ENTRY--PERSONAL NAME
Personal name Saville, Victor,
Dates associated with a name 1897-
Relator term production.
700 1# - ADDED ENTRY--PERSONAL NAME
Personal name Sherriff, R. C.
Fuller form of name (Robert Cedric),
Dates associated with a name 1896-1975,
Relator term writing.
700 1# - ADDED ENTRY--PERSONAL NAME
Personal name West, Claudine,
Dates associated with a name d. 1943,
Relator term writing.
700 1# - ADDED ENTRY--PERSONAL NAME
Personal name Wood, Sam,
Dates associated with a name 1883-1949,
Relator term direction.
710 22 - ADDED ENTRY--CORPORATE NAME
Corporate name or jurisdiction name as entry element Copyright Collection (Library of Congress)
Institution to which field applies DLC
710 22 - ADDED ENTRY--CORPORATE NAME
Corporate name or jurisdiction name as entry element Loew's Incorporated.
710 22 - ADDED ENTRY--CORPORATE NAME
Corporate name or jurisdiction name as entry element Metro-Goldwyn-Mayer British Studios.
710 22 - ADDED ENTRY--CORPORATE NAME
Corporate name or jurisdiction name as entry element Metro-Goldwyn-Mayer.
710 22 - ADDED ENTRY--CORPORATE NAME
Corporate name or jurisdiction name as entry element Turner Entertainment Co. Collection (Library of Congress)
Institution to which field applies DLC
953 ## -
-- TE01
951 ## - EQUIVALENCE OR CROSS-REFERENCE-GEOGRAPHIC NAME/AREA NAME [OBSOLETE] [CAN/MARC only]
-- V-1824B
-- PN1995.9/.T4/G61-2
-- 070613111500421
-- 2000-12-21
-- VT
Holdings
Withdrawn status Lost status Damaged status Not for loan Home library Current library Shelving location Date acquired Accession number Shelving control number Total Checkouts Full call number Date last seen Price effective from Koha item type
        BSOP Library BSOP Library Video Tapes 12/21/2000 V-1824B 127   PN1995.9/.T4/G61-2 02/23/2013 02/23/2013 Books
BSOP

Biblical Seminary of the Philippines
  All rights Reserved
  © 2024

CONTACT INFORMATION

Biblical Seminary of the Philippines,
  77-B Karuhatan Road, Valenzuela City,
  PHILIPPINES 1441
  Phone: +632 8292-6795 / 8292-6798
  Fax : +632 8292-6675
  Email: library@bsop.edu.ph